| Tag |
First Indicator |
Second Indicator |
Subfields |
| LEADER |
00000cam a2200000 a 4500 |
| 001 |
in00000074035 |
| 005 |
20151008060141.0 |
| 008 |
811202s1981 nyua bc 00000 eng |
| 010 |
|
|
|a 81179477
|
| 020 |
|
|
|a 0870992635
|
| 020 |
|
|
|a 0870992643 (pbk.)
|
| 020 |
|
|
|a 0810909790 (Abrams) :
|c $45.00
|
| 035 |
|
|
|a (OCoLC)08052223
|
| 035 |
|
|
|9 AAJ5194AM
|
| 039 |
0 |
|
|a 2
|b 3
|c 3
|d 3
|e 3
|
| 040 |
|
|
|a DLC
|c DLC
|d TXA
|d UtOrBLW
|
| 043 |
|
|
|a e-gx---
|a e-gw---
|
| 049 |
|
|
|a TXAM
|c [387922]
|
| 050 |
0 |
0 |
|a N6867
|b .G47
|
| 082 |
0 |
|
|a 759.3/074/01471
|2 19
|
| 245 |
0 |
0 |
|a German masters of the nineteenth century :
|b paintings and drawings from the Federal Republic of Germany.
|
| 264 |
|
1 |
|a New York :
|b Metropolitan Museum of Art :
|c [1981?]
|
| 264 |
|
2 |
|a New York :
|b Distributed by H.N. Abrams,
|
| 300 |
|
|
|a 280 pages :
|b illustrations (some color) ;
|c 30 cm.
|
| 336 |
|
|
|a text
|b txt
|2 rdacontent
|
| 337 |
|
|
|a unmediated
|b n
|2 rdamedia
|
| 338 |
|
|
|a volume
|b nc
|2 rdacarrier
|
| 500 |
|
|
|a "Published in connection with an exhibition at the Metropolitan Museum of Art, New York, from May 2-July 5, 1981, and at the Art Gallery of Ontario, Canada, from August 1-October 11, 1981."--Verso title page.
|
| 504 |
|
|
|a Bibliography: pages 275-280.
|
| 650 |
|
0 |
|a Art, German
|y 19th century
|v Catalogs.
|
| 650 |
|
0 |
|a Art
|z Germany (West)
|v Catalogs.
|
| 710 |
2 |
|
|a Metropolitan Museum of Art (New York, N.Y.)
|
| 710 |
2 |
|
|a Art Gallery of Ontario.
|
| 999 |
|
|
|a MARS
|
| 999 |
f |
f |
|s b096d929-5ad4-3e3a-b1e5-6b5cced48b76
|i be2dabef-8809-3ba5-a5de-7433ad226d2f
|t 0
|
| 952 |
f |
f |
|p normal
|a Texas A&M University
|b College Station
|c Sterling C. Evans Library
|d Evans: Library Stacks
|t 0
|e N6867 .G47
|h Library of Congress classification
|i unmediated -- volume
|m A14806166615
|
| 998 |
f |
f |
|a N6867 .G47
|t 0
|l Evans: Library Stacks
|